000 01495nam a2200445 c 4500
001 54018
003 ES-MaCES
005 20251204115753.0
008 251203s2025 sp 000 | spa d
017 _aB 17160-2025
_bDL
020 _a9791387867539
040 _aES-MaCES
_bspa
_cES-MaCES
041 1 _aspa
_aeng
100 1 _917841
_aMartínez Girón, Jesús
245 1 0 _aDerecho crítico del trabajo
_b= Critical labor Law
_cJesús Martínez Girón, Alberto Arufe Varela, Xosé Manuel Carril Vázquez
250 _a5ª ed.
_b= 5ªth ed.
260 _aBarcelona
_bAtelier
_c[2025]
300 _a328 p.
_c24 cm
490 1 _aManuales universitarios
500 _aTexto en español e inglés
500 _aÍndices
500 _aSítios de internet: p. 287
541 _cCompra
650 4 _aderecho del trabajo
_927165
650 4 _afuentes del Derecho
_929917
650 4 _aprocedimiento laboral
_930887
650 4 _acondiciones de trabajo
_928327
650 4 _acondiciones de empleo
_930040
650 4 _arelaciones laborales
_928369
650 4 _anegociación colectiva
_928362
650 4 _asindicato
_928377
650 4 _aEspaña
_926964
653 1 0 _aDerecho del trabajo y Seguridad Social
700 1 _aArufe Varela, Alberto
_96655
700 1 _aCarril Vázquez, Xosé Manuel
_99127
775 0 _tDerecho crítico del trabajo
_w(ES-MaCES)48423
830 0 _aManuales universitarios (Atelier)
_933934
902 _aLIB Libro
942 _2CES
_cBK
_h6.0.1.
999 _c54018
_d54018